| 000 | 00663cam a2200229 4500 | ||
|---|---|---|---|
| 008 | 090401t xxu||||| |||| 00| 0 eng d | ||
| 020 | _a0070612919 | ||
| 035 | _a(Sirsi) u56132 | ||
| 041 | _aeng | ||
| 050 | _a658.4032 | ||
| 100 | _aStevens, James D | ||
| 245 | _aTechniques for construction networking scheduling | ||
| 260 |
_aNew York _bMcGraw-Hill Publishing Company _c1990(i.e.1 |
||
| 300 | _axiii,224p. ; 24cm. | ||
| 350 | _a28.95 | ||
| 490 | _aMcGraw Hill Series in Construction Engineering and Project Management | ||
| 650 | _aBUILDING INDUSTRY | ||
| 650 | _aCRITICAL PATH ANALYSIS | ||
| 650 | _aMANAGEMENT | ||
| 942 | _n0 | ||
| 948 | _c04/03/1997 | ||
| 999 |
_c93727 _d93727 |
||